| 000 | 00490nam a2200193 a 4500 | ||
|---|---|---|---|
| 001 | 2004 | ||
| 003 | CDMR | ||
| 005 | 20131029171949.0 | ||
| 008 | 130130s1984||||||||||||||||||||||||||||d | ||
| 020 | _a8486153301 | ||
| 040 |
_aCDMR _bcat _cCDMR |
||
| 100 | 1 |
_aQuesada, Montserrat _9928 |
|
| 245 | 1 | 3 |
_aLa entrevista _b: obra creativa _cMontse Quesada |
| 260 |
_aBarcelona _c1984 _bMitre |
||
| 300 | _a137 p. | ||
| 490 | 0 | _aTextos de periodismo | |
| 650 | 0 | 4 |
_93159 _aEntrevistes |
| 942 |
_cMON _2udc |
||
| 999 |
_c2004 _d2004 |
||